1009 1929 1920 1483 1182 1174 1619 1697 1974 1850 1555 1171 1902 1782 1544 1359 1168 1793 1984 1209 1528 1365 1237 1466 1494 1558 1256 1337 1816 1838 1666 1914 1485 1922 1982 1634 1514 1658 1061 1962 1439 1606 1248 1855 1062 1424 1890 1562 1042 1843 1614 1535 1476 1880 1316 1093 1360 1451 1642 1673 1999 1432 1434 1263 1477 1502 1583 1219 1229 1596 1940 1300 1388 1909 1058 1734 1678 1946 1159 1588 1315 1727 1126 1957 1045 1901 1243 1285 1954 1660 1775 1067 1559 1563 1221 1354 1241 1434 1027 BCNSPRNW ULIB Ver.6.0+V

เปลี่ยนเป็นภาษาไทย

Change to English
 แสดงรายละเอียดบรรณานุกรม
  กลับหน้าหลัก

Brief Record : Get Marc (ISO 2709) : E-mail record : QR code < ปิดหน้าต่าง
LEADER : 00000nam 2200000uu 4500
001    13399129161
003     ULIB
008    260410s2569||||th 000 0 tha d
020 ^^ ^a9786166238525
041 ^^ ^aTha
060 ^^ ^aWY16^bก389น
100 ^^ ^aกันตพร ยอดใชย
245 ^^ ^aนวัตกรรมทางการพยาบาลสู่การพัฒนาวิชาชีพ = ^lNursing innovation towards professional development /^cกันตพร ยอดใชย
250 ^^ ^aพิมพ์ครั้งที่ 2
260 ^^ ^aสงขลา :^bคณะพยาบาลศาสตร์ มหาวิทยาลัยสงขลานครินทร์, ^c2569
300 ^^ ^avii, 167 หน้า :^bภาพสีประกอบ, ตาราง ;^c25 ซม.
505 ^^ ^aสารบัญ: แนวคิดเกี่ยวกับนวัตกรรมทางการพยาบาล - - มโนทัศน์พื้นฐานในการพัฒนานวัตกรรมทางการพยาบาล - - นวัตกรรมทางการศึกษาการพยาบาล - - นวัตกรรมทางการบริการและสุขภาพ - - นวัตกรรมทางการบริหารการพยาบาล - - ทิศทางการพัฒนานวัตกรรมทางการพยาบาลสู่การพัฒนาวิชาชีพในอนาคต
590 ^^ ^aกันตพร ยอดใชย. (2569). ^bนวัตกรรมทางการพยาบาลสู่การพัฒนาวิชาชีพ. ^dคณะพยาบาลศาสตร์ มหาวิทยาลัยสงขลานครินทร์.
591 ^^ ^aกันตพร ยอดใชย. นวัตกรรมทางการพยาบาลสู่การพัฒนาวิชาชีพ. สงขลา: คณะพยาบาลศาสตร์ มหาวิทยาลัยสงขลานครินทร์; 2569
650 ^^ ^aนวัตกรรมทางการพยาบาล
690 ^^ ^aสาขาวิชาการพยาบาลพื้นฐาน
710 ^^ ^aมหาวิทยาลัยสงขลานครินทร์. คณะพยาบาลศาสตร์
740 ^^ ^aNursing innovation towards professional development
999    ^aประนอม เกษจรัล
รายการนี้ยังไม่มีแท็ก
คุณยังไม่ได้ล็อกอิน คุณสามารถมีกิจกรรมร่วมกับเว็บไซต์ได้ แต่ต้องล็อกอินก่อน ::
  ล็อกอิน

รายการสื่อสารสนเทศ

ลำดับที่ ประเภท เลขเรียก/บาร์โค้ด สถานที่ สถานะ
1. หนังสือสำรอง
หนังสือสำรอง
WY16 ก389น ฉ.1 
  Barcode: 011933
ห้องสมุดวิทยาเขตสวรรค์ประชารักษ์
►หนังสือทั่วไป
บนชั้น
2. วิทยาศาสตร์การแพทย์ และสุขภาพ
วิทยาศาสตร์การแพทย์ และสุขภาพ
WY16 ก389น ฉ.2 
  Barcode: 011934
ห้องสมุดวิทยาเขตสวรรค์ประชารักษ์
►หนังสือทั่วไป
บนชั้น
3. วิทยาศาสตร์การแพทย์ และสุขภาพ
วิทยาศาสตร์การแพทย์ และสุขภาพ
WY16 ก389น ฉ.3 
  Barcode: 011935
ห้องสมุดวิทยาเขตสวรรค์ประชารักษ์
►หนังสือทั่วไป
บนชั้น
4. วิทยาศาสตร์การแพทย์ และสุขภาพ
วิทยาศาสตร์การแพทย์ และสุขภาพ
WY16 ก389น ฉ.4 
  Barcode: 011936
ห้องสมุดวิทยาเขตสวรรค์ประชารักษ์
►หนังสือทั่วไป
บนชั้น
5. วิทยาศาสตร์การแพทย์ และสุขภาพ
วิทยาศาสตร์การแพทย์ และสุขภาพ
WY16 ก389น ฉ.5 
  Barcode: 011937
ห้องสมุดวิทยาเขตสวรรค์ประชารักษ์
►หนังสือทั่วไป
ถูกยืม กำหนดส่งวันที่ 25 พฤษภาคม 2569
  จอง

รายการใกล้เคียง
    ผู้แต่ง [กันตพร ยอดใชย]

BibComment


ยังไม่เคยถูกคอมเมนท์

คอมเมนท์ทรัพยากรรายการนี้
  คอมเมนท์: นวัตกรรมทางการพย..


 Copyright 2026. Bcnsprnw @Library